Fuzzy discrete structures
Αποθηκεύτηκε σε:
| Κύριος συγγραφέας: | |
|---|---|
| Άλλοι συγγραφείς: | |
| Μορφή: | Βιβλίο |
| Γλώσσα: | English |
| Δημοσίευση: |
Heidelberg :
Physica-Verlag,
c2000
|
| Σειρά: | Studies in fuzziness and soft computing ;
; 58 |
| Θέματα: | |
| Ετικέτες: |
Προσθήκη ετικέτας
Δεν υπάρχουν, Καταχωρήστε ετικέτα πρώτοι!
|
MARC
| LEADER | 00000nam a2200000 i 4500 | ||
|---|---|---|---|
| 001 | 1/16055 | ||
| 008 | 010122s2000 eng d | ||
| 020 | |a 3-7908-1335-4 | ||
| 035 | |l 10065638 | ||
| 040 | |a GR-MY-UA |b gre |e aacr | ||
| 041 | 0 | |a eng | |
| 082 | 0 | |a 510 | |
| 100 | 1 | |a Malik, D. S. | |
| 245 | 1 | 0 | |a Fuzzy discrete structures / |c Davender S. Malik, John N. Mordeson |
| 260 | |a Heidelberg : |b Physica-Verlag, |c c2000 | ||
| 300 | |a xiv, 263 p.; |c 24 cm. | ||
| 490 | 1 | |a Studies in fuzziness and soft computing |v ; 58 | |
| 500 | |a With 37 figures and 7 tables | ||
| 504 | |a Includes bibliographical references and index | ||
| 650 | 0 | 0 | |a Fuzzy mathematics. |
| 700 | 1 | |a Mordeson, John N. | |
| 830 | 0 | |a Studies in fuzziness and soft computing ; |v ; 58 | |
| 852 | |a INST |b SYROS |e 20010122 |h 510 MAL |p 005500001606 |q 005500001606 |t BK |y 0 | ||
| 901 | |a BIBL5-2001-1 | ||
| 909 | |a Ε |b 084474 | ||
| 922 | |a 5ΕΛΗ |b 200012 |c ΓΡΑΦΙΚΩΝ ΤΕΧΝΩΝ |d ΜΙΧΑΛΟΠΟΥΛΟΣ | ||
| 950 | |a 183-2000-12-09 | ||
| 970 | |a ΚΟΝΤΟΥ |b ΠΑΡΑΣΚΕΥΗ |z 2001/01/31 | ||